000
00343nam a2200145Ia 4500
008
231221s9999 xx 000 0 und d
041
_a
English
082
_a
658.56 CHU;12 R2
100
_a
Chunawalla, S.A
245
0
_a
Product Management
250
_a
6th rev. ed.
260
_c
2007
_b
Himalaya
_a
Mumbai
300
_a
318
942
_c
BM
999
_c
209123
_d
209123